Moto3 Rookie de l'année - Statistiques

Statistiques générales
  • Ce quiz a été pris 8 fois
  • Le résultat moyen est 8 sur 14
Statistiques - réponses
An Équipe Points Distinctions Position Pilotes Pays % Correct
2023 GasGas Aspar Team 245 4 victoires 3eme David Alonso Colombie
100%
2022 MT Helmets – MSi 112 1 pole 8eme Diogo Moreira Brésil
100%
2021 Red Bull KTM Ajo 259 6 victoires 1er Pedro Acosta Espagne
100%
2025 CFMoto Aspar Team 274 3 victoires, 9 podiums 3eme Maximo Quiles Espagne
86%
2016 Leopard Racing 144 1 victoire, 1 podium 5eme Joan Mir Espagne
71%
2018 Bester Capital 76 2 Meilleurs Tours 13eme Jaume Masia Espagne
57%
2024 Leopard Racing 153 1 victoire, 1 pole 8eme Angel Piqueras Espagne
43%
2019 Sky Racing VR46 135 3 podiums 6eme Celestino Vietti Italie
43%
2014 GO&FUN KTM 127 3 podiums 9eme Enea Bastianini Italie
43%
2020 Kömmerling Gresini 87 1 podium 11eme Jeremy Alcoba Espagne
43%
2015 Honda Galicia 157 4 podiums 7eme Jorge Navarro Espagne
43%
2012 Suter Honda 141 1 podium, 1 pole 5eme Alex Rins Espagne
14%
2017 Platinum KTM 123 2 podiums 8eme Marcos Ramirez Espagne
14%
2013 Interwetten KTM 34 Un meilleur tour 18eme Philipp Öttl Allemagne
0%
Aucun quiz correspondant
Distribution des résultats
% des personnes avec chaque résultat
Percentile par nombre de réponses
Votre historique - résultats
Vous n’avez pas pris ce quiz